<?xml version="1.0" encoding="UTF-8"?>
<record
    xmlns:xsi="http://www.w3.org/2001/XMLSchema-instance"
    xsi:schemaLocation="http://www.loc.gov/MARC21/slim http://www.loc.gov/standards/marcxml/schema/MARC21slim.xsd"
    xmlns="http://www.loc.gov/MARC21/slim">

  <leader>00441nam a2200157Ia 4500</leader>
  <controlfield tag="001">35817</controlfield>
  <controlfield tag="003">Ost</controlfield>
  <controlfield tag="005">20260507160534.0</controlfield>
  <controlfield tag="008">251113s9999||||xx |||||||||||||| ||eng||</controlfield>
  <datafield tag="040" ind1=" " ind2=" ">
    <subfield code="c">nitttr</subfield>
  </datafield>
  <datafield tag="041" ind1=" " ind2=" ">
    <subfield code="a">eng</subfield>
  </datafield>
  <datafield tag="082" ind1=" " ind2=" ">
    <subfield code="a">TS155.6</subfield>
  </datafield>
  <datafield tag="100" ind1=" " ind2=" ">
    <subfield code="a">Schaefer,  Dirk</subfield>
  </datafield>
  <datafield tag="245" ind1=" " ind2="0">
    <subfield code="a">Cloud-Based Design and Manufacturing (CBDM)  :</subfield>
    <subfield code="b"> A Service-Oriented Product Development Paradigm for the 21st Century /</subfield>
    <subfield code="c">Schaefer, Dirk</subfield>
  </datafield>
  <datafield tag="942" ind1=" " ind2=" ">
    <subfield code="c">BK</subfield>
  </datafield>
  <datafield tag="999" ind1=" " ind2=" ">
    <subfield code="c">33216</subfield>
    <subfield code="d">33216</subfield>
  </datafield>
  <datafield tag="952" ind1=" " ind2=" ">
    <subfield code="0">0</subfield>
    <subfield code="1">0</subfield>
    <subfield code="4">0</subfield>
    <subfield code="7">0</subfield>
    <subfield code="a">NITTTR</subfield>
    <subfield code="b">NITTTR</subfield>
    <subfield code="d">2026-05-07</subfield>
    <subfield code="l">0</subfield>
    <subfield code="o">TS155.6</subfield>
    <subfield code="p">799565</subfield>
    <subfield code="r">2026-05-07 16:05:34</subfield>
    <subfield code="w">2026-05-07</subfield>
    <subfield code="y">BK</subfield>
  </datafield>
</record>
